| 000 | 00586nam a2200205Ia 4500 | ||
|---|---|---|---|
| 003 | BUBTL | ||
| 008 | 151213s9999 xx 000 0 und d | ||
| 020 | _a8171180248 | ||
| 082 | _a340.58/ D4511h/ 1990 | ||
| 100 |
_aDesai, Sunderlal T. _92472 |
||
| 245 |
_aMulla Principles of Hindu Law : _cSunderlal T. Desai |
||
| 250 | _a16th | ||
| 260 |
_aMumbai _bBombay N.M.Tripathi , Private Ltd. _cc1990 |
||
| 300 |
_a[lxxx], 1060p. : _b22cm |
||
| 650 | _aLaw | ||
| 700 |
_aSunderlal T. Desai _94521 |
||
| 856 |
_k0 _l0 _yDownload |
||
| 942 |
_2ddc _cBK |
||
| 999 |
_c3386 _d3386 |
||